Selection of the RRIM 600 series clones (Record no. 22753)

MARC details
000 -LEADER
fixed length control field 00293nam a2200109Ia 4500
082 ## - DEWEY DECIMAL CLASSIFICATION NUMBER
Classification number NR:63:930.25
Item number ARC.42
245 #0 - TITLE STATEMENT
Title Selection of the RRIM 600 series clones
260 ## - PUBLICATION, DISTRIBUTION, ETC. (IMPRINT)
Place of publication Malaysia
Name of publisher RRIM
Year of publication 1965
490 ## - SERIES STATEMENT
Series statement RRIM Archives No.42
942 ## - ADDED ENTRY ELEMENTS (KOHA)
Koha item type Books
Holdings
Withdrawn status Lost status Damaged status Not for loan Home library Current library Date acquired Full call number Accession Number Koha item type
        RRII Library RRII Library 16/12/2021 NR:63:930.25 ARC.42 03470 Books